00397 2200157 4500245004600000020002200046250001100068100001200079650002400091005001900115260004100134041001400175084001200189300002900201336000900230 aAnalisis Data dengan ExcelcTim EMShText a978-602-02-5340-4 aCet. 1 aTim EMS aMengolah Data Excel a20230213133930 aJakartabElex Media Komputindoc2014 aIndonesia a005.369 aviii, 175 hlm. :c21 cm. atext